সোনাতলার ইতিহাস / (Record no. 45401)
[ view plain ]
| 000 -LEADER | |
|---|---|
| fixed length control field | 00919nam a2200241 a 4500 |
| 001 - CONTROL NUMBER | |
| control field | 45401 |
| 003 - CONTROL NUMBER IDENTIFIER | |
| rucl marc code | BD-RjUL |
| 005 - DATE AND TIME OF LATEST TRANSACTION | |
| control field | 20211209054016.0 |
| 008 - FIXED-LENGTH DATA ELEMENTS--GENERAL INFORMATION | |
| fixed length control field | 160726s2015 bg ||||| |||| 00| 0 ben d |
| 020 ## - INTERNATIONAL STANDARD BOOK NUMBER | |
| International Standard Book Number | 9789849162708 |
| Terms of availability | : Tk. 200.00 |
| 035 ## - SYSTEM CONTROL NUMBER | |
| System control number | (BD-RjUL) |
| 040 ## - CATALOGING SOURCE | |
| Original cataloging agency | BD-RjUL |
| Language of cataloging | ben |
| Transcribing agency | BD-RjUL |
| Modifying agency | BD-RjUL |
| 041 ## - LANGUAGE CODE | |
| Language code of text/sound track or separate title | ben |
| 082 ## - DEWEY DECIMAL CLASSIFICATION NUMBER | |
| Edition number | 23 |
| Classification number | 954.924 |
| Author mark and year | LES 2015 |
| 100 ## - MAIN ENTRY--PERSONAL NAME | |
| Personal name | লেমন, ইকবাল কবির |
| 9 (RLIN) | 139010 |
| 245 ## - TITLE STATEMENT | |
| Title | সোনাতলার ইতিহাস / |
| Statement of responsibility, etc. | ইকবাল কবির লেমন |
| 260 ## - PUBLICATION, DISTRIBUTION, ETC. (IMPRINT) | |
| Place of publication, distribution, etc. | বগড়া : |
| Name of publisher, distributor, etc. | পাতা প্রকাশ , |
| Date of publication, distribution, etc. | ২০১৫ |
| 300 ## - PHYSICAL DESCRIPTION | |
| Pagination | ১১২ পৃ. : |
| Illustrations | চিত্র ; |
| Size | ২১ সেমি. |
| 504 ## - BIBLIOGRAPHY, ETC. NOTE | |
| Bibliography, etc | তথ্য সূত্র সংযুক্ত |
| 650 ## - SUBJECT ADDED ENTRY--TOPICAL TERM | |
| Topical term or geographic name as entry element | বাংলাদেশ |
| Geographic subdivision | সোনাতলা |
| Form subdivision | ইতিহাস |
| 9 (RLIN) | 139011 |
| Topical term or geographic name as entry element | Bangladesh |
| Geographic subdivision | Sonatola |
| Form subdivision | History |
| 9 (RLIN) | 139012 |
| 942 ## - ADDED ENTRY ELEMENTS (KOHA) | |
| Source of classification or shelving scheme | Dewey Decimal Classification |
| Koha item type | Books |
| Lost status | Source of classification or shelving scheme | Damaged status | Not for loan | Collection code | Permanent Location | Current Location | Shelving location | Date acquired | Source of acquisition | Cost, normal purchase price | Total Checkouts | Full call number | Date last seen | Copy number | Koha item type |
|---|---|---|---|---|---|---|---|---|---|---|---|---|---|---|---|
| Dewey Decimal Classification | Not For Loan | Non-fiction | Central Library, University of Rajshahi | Central Library, University of Rajshahi | Reading Room | 27/04/2016 | Author | 200.00 | B 954.924 LES 2015 | 26/07/2016 | C-1 | Books | |||
| Dewey Decimal Classification | Non-fiction | Central Library, University of Rajshahi | Central Library, University of Rajshahi | 27/04/2016 | Author | 200.00 | B 954.924 LES 2015 | 26/07/2016 | C-2 | Books |